000064704 001__ 64704
000064704 005__ 20230317221536.0
000064704 037__ $$aGSI-2014-00134
000064704 041__ $$aGerman
000064704 1001_ $$0P:(DE-Ds200)OR0145$$aBosch, Fritz$$b0$$eCorresponding author$$ugsi
000064704 1112_ $$cDarmstadt$$wGermany
000064704 245__ $$aPaul Kienle, der ESR und "wir"$$f2014-02-04
000064704 260__ $$c2014
000064704 3367_ $$0PUB:(DE-HGF)31$$2PUB:(DE-HGF)$$aTalk (non-conference)$$btalk$$mtalk$$s1455273031_14897$$xInvited
000064704 3367_ $$033$$2EndNote$$aConference Paper
000064704 3367_ $$2DINI$$aOther
000064704 3367_ $$2BibTeX$$aINPROCEEDINGS
000064704 500__ $$aGSI-Kolloquium, Gedenkkolloquium : in memoriam Paul Kienle
000064704 502__ $$cGSI Kolloquium
000064704 536__ $$0G:(DE-HGF)POF2-899$$a899 - ohne Topic (POF2-899)$$cPOF2-899$$fPOF I$$x0
000064704 7001_ $$0P:(DE-Ds200)BUDP1-0352$$aKienle, Paul$$b1$$eGefeierter$$ugsi
000064704 8564_ $$uhttps://repository.gsi.de/record/64704/files/GSI-2014-00134.pdf$$yRestricted
000064704 8564_ $$uhttps://repository.gsi.de/record/64704/files/GSI-2014-00134.gif?subformat=icon$$xicon$$yRestricted
000064704 8564_ $$uhttps://repository.gsi.de/record/64704/files/GSI-2014-00134.jpg?subformat=icon-180$$xicon-180$$yRestricted
000064704 8564_ $$uhttps://repository.gsi.de/record/64704/files/GSI-2014-00134.jpg?subformat=icon-700$$xicon-700$$yRestricted
000064704 909CO $$ooai:repository.gsi.de:64704$$pVDB
000064704 9101_ $$0I:(DE-Ds200)20121206GSI$$6P:(DE-Ds200)OR0145$$aGSI Helmholtzzentrum für Schwerionenforschung GmbH$$b0$$kGSI
000064704 9101_ $$0I:(DE-Ds200)20121206GSI$$6P:(DE-Ds200)BUDP1-0352$$aGSI Helmholtzzentrum für Schwerionenforschung GmbH$$b1$$kGSI
000064704 9131_ $$0G:(DE-HGF)POF2-899$$1G:(DE-HGF)POF2-890$$2G:(DE-HGF)POF2-800$$3G:(DE-HGF)POF2$$4G:(DE-HGF)POF$$aDE-HGF$$bProgrammungebundene Forschung$$lohne Programm$$vohne Topic$$x0
000064704 9141_ $$y2014
000064704 9201_ $$0I:(DE-Ds200)ATP-20051214OR020$$kATP$$lAtomphysik$$x0
000064704 980__ $$atalk
000064704 980__ $$aVDB
000064704 980__ $$aI:(DE-Ds200)20110830OR020
000064704 980__ $$aI:(DE-Ds200)ATP-20051214OR020
000064704 980__ $$aUNRESTRICTED